Commentary on the four Gospels / (Record no. 4284)

MARC details
000 -LEADER
fixed length control field 00488nam a22001697a 4500
003 - CONTROL NUMBER IDENTIFIER
control field GBCCL
005 - DATE AND TIME OF LATEST TRANSACTION
control field 20241126110515.0
008 - FIXED-LENGTH DATA ELEMENTS--GENERAL INFORMATION
fixed length control field 180118b xxu||||| |||| 00| 0 eng d
040 ## - CATALOGING SOURCE
Transcribing agency gbc
082 ## - DEWEY DECIMAL CLASSIFICATION NUMBER
Classification number 226.07
Item number SMI
100 ## - MAIN ENTRY--PERSONAL NAME
Personal name Smith, David
9 (RLIN) 8101
245 ## - TITLE STATEMENT
Title Commentary on the four Gospels /
Statement of responsibility, etc. David Smith
260 ## - PUBLICATION, DISTRIBUTION, ETC.
Place of publication, distribution, etc. New York:
Name of publisher, distributor, etc. Doubleday, Doran & Company, Inc.,
Date of publication, distribution, etc. 1928
300 ## - PHYSICAL DESCRIPTION
Extent 485 p.;
Dimensions 23 cm.
650 ## - SUBJECT ADDED ENTRY--TOPICAL TERM
Topical term or geographic name entry element Bible
Form subdivision New Testament
-- Gospels
General subdivision Commentary
9 (RLIN) 8102
942 ## - ADDED ENTRY ELEMENTS (KOHA)
Source of classification or shelving scheme Dewey Decimal Classification
Koha item type Books
Koha issues (borrowed), all copies 1
Holdings
Withdrawn status Lost status Source of classification or shelving scheme Damaged status Not for loan Home library Current Library Shelving location Date acquired Total checkouts Full call number Barcode Date last seen Date last checked out Copy number Price effective from Koha item type
    Dewey Decimal Classification     GRACE BIBLE COLLEGE GRACE BIBLE COLLEGE Biblical Studies 2018-01-18 3 226.07 SMI 000074 2025-05-01 2025-01-20 c.1 2018-01-18 Books
© Grace Bible College Library 2025